| 000 | 01118nam a22002657a 4500 | ||
|---|---|---|---|
| 003 | OSt | ||
| 005 | 20230110090254.0 | ||
| 007 | cr ||||||a|c|a | ||
| 008 | 221206s2022 mx a|||fom||| 001 0 esp d | ||
| 040 | _erda | ||
| 100 | 1 |
_9185812 _aGonzalez Jesus, Eleuterio |
|
| 245 | 1 |
_aEfecto de un potenciador de energía en un motor trifásico jaula de ardilla / _cpor Eleuterio Gonzalez Jesus; director de tesis Bonifacio Gaona Ponce. |
|
| 264 | 1 |
_aChapingo, México : _bEl autor, _c2022. |
|
| 300 |
_a1 recurso en línea (115 páginas). _bcuadros, figuras. |
||
| 336 |
_2rdacontent _atexto _btxt |
||
| 337 |
_2rdamedia _acomputadora _bc |
||
| 338 |
_2rdacarrier _arecurso en línea _bcr |
||
| 502 |
_bIMAg _cMecánica _d2022. _gLIC |
||
| 504 | _aIncluye referencias bibliográficas: páginas 75-79. | ||
| 650 | 4 |
_9185835 _aMotores de inducción _xRendimiento |
|
| 650 | 4 |
_995712 _aReguladores de voltaje |
|
| 700 | 1 |
_945572 _aGaona Ponce, Bonifacio _eDirector de tesis. |
|
| 856 |
_uhttp://10.13.5.2/tesis/tl/2022_MA_Gonzalez_Jesus_Eleuterio.pdf _zDESCARGAR PDF |
||
| 942 |
_2Clasificación Universidad Autónoma Chapingo _cTD |
||
| 999 |
_c217944 _d217944 |
||